00728nam a22002177a 4500003000500000005001700005008004100022010000900063011000900072035000900081040000900090100002600099245012700125260006700252300001800319490003100337650002300368650001100391710007700402830003100479CHAP20220817041153.0971013s1992 r 00010 d a7890 a8862 a8094 cCHAP00aScott Morales, Laura. aAspectos ecológicos de una población de guajolote silvestre (Meleagris gallopavo) al sureste de Nuevo León, México aLinares, N. L. :bUANL. Facultad de Ciencias Forestales,c1992 a37 p.b: ilus aReporte científicov; 3014aEcología animal.14aPavos.0 aUniversidad Autónoma de Nuevo León. Facultad de Ciencias Forestales.0 aReporte científicov; 30